John Carr of York (Record no. 121859)
[ view plain ]
| 000 -LEADER | |
|---|---|
| fixed length control field | 01122nam a22002177a 4500 |
| 008 - FIXED-LENGTH DATA ELEMENTS--GENERAL INFORMATION | |
| fixed length control field | 240318s2023 xxk|||||r|||| 00| 0aeng d |
| 020 ## - INTERNATIONAL STANDARD BOOK NUMBER | |
| ISBN | 9781399959155 |
| 041 ## - LANGUAGE CODE | |
| Language code of text/sound track or separate title | eng |
| 082 ## - DEWEY DECIMAL CLASSIFICATION NUMBER | |
| Classification number | 920 CAR |
| 100 ## - MAIN ENTRY--PERSONAL NAME | |
| Personal author | Hall, Ivan |
| 245 ## - TITLE STATEMENT | |
| Title | John Carr of York |
| Subtitle | collected essays |
| 260 ## - PUBLICATION INFORMATION | |
| Publisher | Carriana Publishing |
| Date | 2023 |
| 300 ## - PHYSICAL DESCRIPTION | |
| Physical description | 474p. |
| Other physical details | list of illustrations; index |
| 500 ## - GENERAL NOTE | |
| General note | edited by Kenneth Powell |
| 520 ## - ABSTRACT | |
| Abstract | John Carr of York (1723 – 1807) was one of the most prolific and significant architects of the eighteenth century, with an output of over 400 designs, most of which were executed. His designs vary from simple gateways through to the grandest schemes, such as that for the palatial hospital at Oporto in Portugal, Harewood House and village in Yorkshire, and Basildon Park in Berkshire. This title was published to coincide with the 300th anniversary of John Carr's birth, celebrates a lifetime of study and dedication to one of the 18th century's greatest architects. |
| 650 ## - KEYWORDS | |
| Keywords | BIOGRAPHY |
| 650 ## - KEYWORDS | |
| Keywords | TELECOMMUNICATIONS |
| 651 ## - SUBJECT ADDED ENTRY--GEOGRAPHIC NAME | |
| Geographic name | United Kingdom |
| 700 ## - ADDED PERSONAL NAME | |
| Added personal author | Hall, Ivan |
| 942 ## - ADDED ENTRY ELEMENTS (KOHA) | |
| Suppress in OPAC | Do not suppress in OPAC |
| Lost status | Source of classification or shelving scheme | Damaged status | Not for loan | Home library | Current library | Shelving location | Date acquired | Source of acquisition | Total Checkouts | Full call number | Date last seen | Price effective from | Koha item type |
|---|---|---|---|---|---|---|---|---|---|---|---|---|---|
| Dewey Decimal Classification | London | London | Books | 18/03/2024 | Donated | 920 CAR | 18/03/2024 | 18/03/2024 | Book |